Móra nyúz. - XVI. évf. (2013) 5. (52.) sz.
Elmentve itt :
| Dokumentumtípus: | Folyóirat |
|---|---|
| Megjelent: |
2013
|
| Sorozat: | Móra nyúz : a Móra Ferenc Kollégium lapja
16 No. 5 |
| Online Access: | http://univ.bibl.u-szeged.hu/17966 |
| LEADER | 00525nas a2200145 i 4500 | ||
|---|---|---|---|
| 001 | univ17966 | ||
| 005 | 20200527140141.0 | ||
| 008 | 170615s2013 hu o 0|| zxx d | ||
| 040 | |a SZTE UnivHistória Repozitórium |b hun | ||
| 041 | |a zxx | ||
| 245 | 0 | 0 | |a Móra nyúz. - XVI. évf. (2013) 5. (52.) sz. |h [elektronikus dokumentum] |
| 260 | |c 2013 | ||
| 490 | 0 | |a Móra nyúz : a Móra Ferenc Kollégium lapja |v 16 No. 5 | |
| 561 | |a Egyetemi, hallgatói élet | ||
| 856 | 4 | 0 | |u http://univ.bibl.u-szeged.hu/17966/1/moranyuz_016_005.pdf |z Dokumentum-elérés |